Normal view
MARC view
- وكالة الغوث - نوعية الحياة العملية - قطاع غزة
Entry Topical Term
001 - CONTROL NUMBER
- control field: 52034
003 - CONTROL NUMBER IDENTIFIER
- control field: JO-AjAnu
005 - DATE AND TIME OF LATEST TRANSACTION
- control field: 20230606082545.0
008 - FIXED-LENGTH DATA ELEMENTS
- fixed length control field: 230606|| aca||aabn | a|a d
040 ## - CATALOGING SOURCE
- Original cataloging agency: JO-AjAnu
- Transcribing agency: JO-AjAnu
150 ## - HEADING--TOPICAL TERM
- Topical term or geographic name entry element: وكالة الغوث - نوعية الحياة العملية - قطاع غزة
670 ## - SOURCE DATA FOUND
- Source citation: Work cat.: (JO-AjAnu)26593: اعداد: بحر، يوسف عبد عطية ، ايمان حسن نصار, author 52033, جودة حياة العمل وأثرها على تنمية الاستغراق الوظيفي : دراسة مقارنة بين دائرة التربية والتعليم في وكالة الغوث ووزارة التربية والتعليم الحكومية